000 00708nam a2200253Ia 4500
003 OSt
005 20220926025104.0
006 a|||||r|||| 00| 0
007 ta
008 220923b |||||||| |||| 00| 0 eng d
037 _cGeneral Book
040 _aRTL
_cRTL
_beng
041 _2eng
_aeng
082 _aX0aW, M3
100 _aSeers Dudley
245 0 _aPolitical economy of nationalism
260 _aOxford
_bOxford University Press
_c1983
300 _axiv,218p
_ccm.
490 _aLibrary of Political Economy
500 _aBibliography: P 198-203
650 _aEconomics IRT Political Science
942 _hX0aW, M3
_cGB
_2CC
999 _c646223
_d646223